Κατάλογος Βιβλιοθηκών Mediterranean College

Παροχή Κινήτρων και Εργασιακή Ικανοποίηση Εντός του Οργανισμού/Η Περίπτωση της Αποθήκης ΕΛΤΑ Α.Ε. (Record no. 8616)

MARC details
000 -LEADER
fixed length control field 01907cam a22001934a 4500
005 - ΗΜΕΡΟΜΗΝΙΑ ΚΑΙ ΩΡΑ ΤΕΛΕΥΤΑΙΑΣ ΕΝΗΜΕΡΩΣΗΣ
Πεδίο ελέγχου 20250605164341.0
008 - FIXED-LENGTH DATA ELEMENTS--GENERAL INFORMATION
Πεδίο ελέγχου σταθερού μήκους 250528s ||||||||||||||||||||||||d
035 ## - SYSTEM CONTROL NUMBER
System control number 23616
040 ## - ΠΗΓΗ ΚΑΤΑΛΟΓΟΓΡΑΦΗΣΗΣ
Φορέας πρωτότυπης καταλογογράφησης MC Athens Campus Library
Γλώσσα καταλογογράφησης Ελληνικά, Μοντέρνα (1453-)
Modifying agency MC Athens Campus Library
Κανόνες περιγραφικής καταλογογράφησης AACR2
245 1# - ΤΙΤΛΟΣ ΚΑΙ ΔΗΛΩΣΗ ΥΠΕΥΘΥΝΟΤΗΤΑΣ
Τίτλος Παροχή Κινήτρων και Εργασιακή Ικανοποίηση Εντός του Οργανισμού/Η Περίπτωση της Αποθήκης ΕΛΤΑ Α.Ε.
260 ## - PUBLICATION, DISTRIBUTION, ETC.
Date of publication, distribution, etc. 2015
300 ## - PHYSICAL DESCRIPTION
Extent 131
520 ## - SUMMARY, ETC.
Summary, etc. Πίνακες - Γραφήματα, Εισαγωγή, Βιβλιογραφική Επισκόπηση, Η Εργασιακή Ικανοποίηση και οι Κυριότερες Σχετικές Θεωρίες, Η Εργασιακή Παρακίνηση και οι Κυριότερες Σχετικές Θεωρίες, Μεθοδολογία, Ερευνητική Φιλοσοφική Αφετηρία, Ερευνητική Κατεύθυνση και Ερευνητική Μέθοδος και Τεχνική, Δομή του Ερωτηματολογίου και Δημιουργία Κλιμάκων Τύπου Likert, Συμμετέχοντες, Ανάλυση Δεδομένων, Ανάλυση Δημογραφικών Στοιχείων, Ανάλυση Στοιχείων ως προς τον Πρώτο Στόχο, Ανάλυση Στοιχείων ως προς τον Δεύτερο Στόχο, Ανάλυση Στοιχείων ως προς τον Τρίτο Στόχο, Ανάλυση Στοιχείων ως προς τον Τέταρτο Στόχο, Ανάλυση Στοιχείων ως προς τον Πέμπτο Στόχο, Συμπεράσματα - Προτάσεις, Προσωπικός Αναστοχασμός, Παράρτημα.
700 1# - ΠΡΟΣΘΕΤΗ ΑΝΑΓΡΑΦΗ--ΦΥΣΙΚΟ ΠΡΟΣΩΠΟ
Personal name Κοζώνης Κωνσταντίνος
9 (RLIN) 9206
700 1# - ΠΡΟΣΘΕΤΗ ΑΝΑΓΡΑΦΗ--ΦΥΣΙΚΟ ΠΡΟΣΩΠΟ
Personal name Μαρκάκη Ευαγγελία
9 (RLIN) 5539
942 ## - ADDED ENTRY ELEMENTS (KOHA)
Koha item type Διπλωματική εργασία
Holdings
Τύπος τεκμηρίου Βιβλιοθήκη Τρέχουσα τοποθεσία Barcode Ημερομηνία απόκτησης Ταξιθετικό σύμβολο Αριθμός αντιτύπου Κατάσταση απόσυρσης Κατάσταση χαμένου Κατάσταση κατεστραμμένου Μη δανεισμός Σύνολο δανεισμών Ημερομηνία τελευταίας εμφάνισης Η τιμή ισχύει από
Διπλωματική εργασία MC Athens Campus Library MC Athens Campus Library 9780000086150 05/06/2025 BUS 2015 (7) 1           05/06/2025 05/06/2025

MC Athens Campus Library
Πατησίων 94 & Κοδριγκτώνος 13, 104 34
Πελλήνης 8 & Πατησίων 107, 112 51
Τ: +30 210 8899600

MC Thessaloniki Campus Library
Ίωνος Δραγούμη 21, 54625 | Ίωνος Δραγούμη 15, 54625
Τ: +30 2310 287779 – Τ: +30 2314 440300